Most Common Male First Names in Brazil - Statistics

General Stats
  • This quiz has been taken 17 times
  • The average score is 9 of 20
Answer Stats
Rank # Name % Correct
3.410.873 João
88%
1.613.671 Pedro
75%
5.141.822 José
63%
2.231.019 Antônio
56%
14º 833.846 Luis
56%
1.468.116 Carlos
50%
15º 765.852 Daniel
50%
12º 868.418 Davi
50%
11º 1.078.017 Marcos
50%
1.326.222 Paulo
50%
10º 1.201.030 Gabriel
44%
16º 709.295 Miguel
44%
18º 672.032 Felipe
38%
13º 867.715 Rafael
38%
1.332.182 Lucas
31%
20º 654.801 Eduardo
25%
1.659.196 Francisco
19%
19º 671.429 Guilherme
19%
17º 676.017 Gustavo
19%
1.328.252 Luiz
6%
No matching quizzes found
Score Distribution
Percent of People with Each Score
Percentile by Number Answered
Your Score History
You have not taken this quiz